000 00584nam a2200241Ia 4500
003 OSt
005 20220924121855.0
006 a|||||r|||| 00| 0
007 ta
008 220923b |||||||| |||| 00| 0 ben d
024 _a292422
037 _cTextual
040 _aARTS
_cARTS
_bben
041 _2ben
_aben
082 _aO157,1L72:g, L8
100 _aRoy A.
245 0 _aLalan otar gaan
260 _aKolkata
_c1978
300 _a96p.
_ccm.
650 _aBENGALI LITERATURE
942 _hO157,1L72:g, L8
_cTEXL
_2CC
999 _c409376
_d409376